LEADER 01147nam0-2200337---450- 001 990009434410403321 005 20110927121431.0 010 $a978-88-430-5253-0 035 $a000943441 035 $aFED01000943441 035 $a(Aleph)000943441FED01 035 $a000943441 100 $a20110927d2009----km-y0itay50------ba 101 0 $aita 102 $aIT 105 $ay-------001yy 200 1 $aIntegrazione internazionale e sviluppo interno$eStati Uniti e Italia nei programmi di riarmo del blocco atlantico (1945-1955)$fSimone Selva 210 $aRoma$cCarocci$d2009 215 $a383 p.$d22 cm 225 1 $aQuaderni del Dipartimento di discipline storiche, Università degli studi di Bologna$v14 610 0 $aStati Uniti d'America$aRelazioni con l'Italia 610 0 $aItalia$aRelazioni con gli Stati Uniti d'America 676 $a327.45073$v21$zita 700 1$aSelva,$bSimone$0512886 801 0$aIT$bUNINA$gREICAT$2UNIMARC 901 $aBK 912 $a990009434410403321 952 $aUniv. 280 (14)$b46236$fFSPBC 959 $aFSPBC 996 $aIntegrazione internazionale e sviluppo interno$9759747 997 $aUNINA LEADER 03291oam 2200589 c 450 001 9910563195003321 005 20260130172607.0 024 7 $a10.3726/b13772 035 $a(CKB)5450000000174020 035 $a(oapen)https://directory.doabooks.org/handle/20.500.12854/26720 035 $a(PH02)9783631752159 035 $a(MiAaPQ)EBC31203676 035 $a(oapen)doab26720 035 $a(EXLCZ)995450000000174020 100 $a20240525h20181998 uy 0 101 0 $ager 135 $aurnnunnnannuu 181 $ctxt$2rdacontent 182 $cc$2rdamedia 183 $acr$2rdacarrier 200 00$aEinkommensorientierte Förderung des sozialen Mietwohnungsbaues$eBestandsaufnahme und Kritik$fAlois Oberhauser, Burkhard Pahnke 205 $a1st, New ed. 210 $aFrankfurt a.M$cPH02$d2018 210 $d2018, c1998 215 $a1 online resource (226 p.)$c, EPDF 225 0 $aFinanzwissenschaftliche Schriften$v85 300 $aPeter Lang GmbH, Internationaler Verlag der Wissenschaften 311 08$a3-631-75215-6 327 $aAus dem Inhalt: Die herko?mmliche Fo?rderung des sozialen Wohnungsbaues und ihre Ma?ngel - Reformmaßnahmen der 80er Jahre: Fehlbelegungsabgabe und vereinbarte Fo?rderung - Charakteristika der einkommensorientierten Fo?rderung (EOF) - Umsetzung der EOF auf La?nderebene - Vergleich mit dem klassischen ersten Fo?rderweg - Analyse der EOF im Hinblick auf Fo?rdergerechtigkeit und Effizienz des Mitteleinsatzes - Wege einer grundlegenden Reform der Wohnungspolitik zugunsten sozial Schwacher. 330 $aDer soziale Mietwohnungsbau - bis heute eine der tragenden Sa?ulen staatlicher Wohnungspolitik - ist vor allem wegen seiner Verteilungswirkungen in die Kritik geraten. Bema?ngelt wird, daß auch besserverdienende Mieter trotz Fehlbelegungsabgabe massiv subventioniert werden. Anfang der 90er Jahre setzten daher Bestrebungen ein, die Mietwohnungsbaufo?rderung noch sta?rker an der individuellen Einkommenssituation der Begu?nstigten auszurichten. Sie mu?ndeten 1994 in der rechtlichen Verankerung der einkommensorientierten Fo?rderung im Zweiten Wohnungsbaugesetz. Zahlreiche Bundesla?nder sammeln nun Erfahrungen mit dem «vierten Fo?rderweg». Die variantenreiche Ausgestaltung der neuen Fo?rderform wird in der Arbeit nachgezeichnet und einer o?konomischen Analyse unterworfen. Ist die neue Fo?rdermethode wirklich gerechter und sparsamer? Kann sie die Ma?ngel der herko?mmlichen Fo?rderung vermeiden? 517 $aEinkommensorientierte Foerderung des sozialen Mietwohnungsbaues 606 $aWelfare economics$2bicssc 606 $aEconomic systems & structures$2bicssc 610 $aBestandsaufnahme 610 $aEinkommensorientierte 610 $aFörderung 610 $aKritik 610 $aMietwohnungsbaues 610 $aPahnke 610 $aSOZIA 610 $asozialen 615 7$aWelfare economics 615 7$aEconomic systems & structures 700 $aPahnke$b Burkhard$4auth$01306887 702 $aOberhauser$b Alois$4edt 702 $aPahnke$b Burkhard$4aut 801 0$bPH02 801 1$bPH02 906 $aBOOK 912 $a9910563195003321 996 $aEinkommensorientierte Fo?rderung des sozialen Mietwohnungsbaues$94174722 997 $aUNINA